| 000 | 00477nam a2200181Ia 4500 | ||
|---|---|---|---|
| 003 | IN-BaIIA | ||
| 008 | 211028s9999 xx 000 0 eng d | ||
| 040 | _cIIA Library | ||
| 080 |
_a581.2 _bMAT |
||
| 100 |
_aMathur, R. S _97251 |
||
| 245 | 0 |
_aPlant diseases _cR. S. Mathur |
|
| 260 |
_aNew Delhi _bNational Book Trust _c1969 |
||
| 300 | _aviii, 128p. | ||
| 490 | _aIndia : the land and people | ||
| 650 | _aNASA thesaurus | ||
| 650 |
_aPlants - diseases _97252 |
||
| 942 | _cBK | ||
| 999 |
_c4112 _d4112 |
||